000 00534nam a2200193Ia 4500
005 20250326142322.0
008 250326s9999 xx 000 0 und d
020 _a81-85814-52-X
037 _aTextbook
040 _aFMSL
_beng
_cFMSL
041 _aeng
_2eng
084 _aX:8D N5
_qFMSL
100 _aNauhria R N
_9745918
245 0 _aManagement of systems
_cNauhria R N; Prakash Rajnish
260 _aNew Delhi
_bNew Delhi, Wheeler
_c1995
300 _axv,791
942 _cTB
_hX:8D N5
999 _c1294457
_d1294457